000 00698nam a2200205 u 4500
005 20210223131347.0
008 100812s2009 r 000 0 eng d
020 _a9786071600103
035 _aUPN01000177319
049 _aCG
050 4 _aHQ1462
_bB4.2
100 1 _aBehar, Ruth
245 1 0 _aCuéntame algo, aunque sea una mentira :
_blas historias de la comadre Esperanza /
_cRuth Behar ; tr. Mariano Sánchez-Ventura.
260 _aMéxico :
_bFCE,
_c2009.
300 _a441 p. :
_bil.
440 0 _aSección de obras de antropología
534 _pTítulo original:
_tTranslated woman : crossing the border with Esperanza's story
650 4 _aMUJERES MEXICANAS
_916727
905 _aLibro
999 _c149422
_d149422